000 01470cam a22004334i 4500
003 PE-LiUPU
005 20250731172855.0
008 160822s r 000 0 spa d
020 _a8431329165
020 _a9788431329167
035 _a(Sirsi) a163070
040 _aPE-LiUPU
_bspa
_cPE-LiUPU
_erda
049 _aPRUA
082 0 4 _a291.3
_bR35
_220
245 0 0 _aRégimen legal de los lugares de culto :
_bnueva frontera de la libertad religiosa /
_cJorge, Otaduy (editor).
264 _aPamplona :
_bEUNSA,
_c2013.
300 _a479 páginas ;
_c24 centímetros.
336 _atext
_2rdacontent
337 _aunmediated
_2rdamedia
338 _avolume
_2rdacarrier
505 0 _aGiorgi Feliciani -- José María Vázquez Garía-Peñuela -- Montserrat Abumalham Mas -- Fernando Romero Saura -- José Tomás Martín de Agar -- Antonio Goñi Rodríguez de Almeida.
526 _aSEG42
526 _aSEG41
526 _aSEG40
526 _aSEG39
526 _aP94
526 _aP87
526 _aP86
526 _aP85
526 _aP77
526 _aP76
526 _aP35
700 1 _aJorge, Otaduy,
_eautor.
910 _ajck
_bncf
_cncf
_d20160822
596 _a1
942 _2ddc
_cBOOK
999 _a291.3 R35
_wDEWEY
_c11981
_i69502
_f2021-11-11
_g5
_lCCODEBUL1
_mBUL
_p52.59
_r0
_sY
_tBOOK
_u2016-8-22
_xTEOLOGIA
_PP35
_0COMPRA
_o.STAFF. Colección General
_d11981
980 _81
_gALBERTO SANCHEZ Responsable de Automatización